2021 UEFA Champions League Final (Chelsea vs Man City) - Lineups - Statistics

General Stats
  • This quiz has been taken 294 times
  • The average score is 33 of 48
Answer Stats
Position Answer % Correct
DF Benjamin Mendy
98%
GK Edouard Mendy
98%
RW (1:0,42') Kai Havertz
97%
GK Ederson
96%
RB Kyle Walker
96%
CB (39') Thiago Silva
93%
CM (64') Bernardo Silva
92%
AM (C) (60') Kevin De Bruyne
91%
RWB Reece James
90%
CB Ruben Dias
90%
CB John Stones
89%
CM N'Golo Kante
89%
CB Antonio Rüdiger
87%
LW (80') Mason Mount
86%
CB (C) Cesar Azpilicueta
85%
GK Kepa Arrizabalaga
85%
CF (66') Timo Werner
85%
LWB Ben Chilwell
82%
Coach Thomas Tuchel
81%
CM Jorginho
80%
Coach Pep Guardiola
80%
CM Phil Foden
78%
CF (77') Raheem Sterling
78%
FW (77') Sergio Aguero
78%
FW (60') Gabriel Jesus
73%
CM Ilkay Gündogan
72%
DF Joao Cancelo
70%
MF Rodri
68%
LB Oleksandr Zinchenko
67%
CF Riyad Mahrez
67%
DF (39') Andreas Christensen
61%
MF (80') Mateo Kovačić
61%
DF Aymeric Laporte
60%
MF (66') Christian Pulišić
58%
MF (64') Fernandinho
57%
DF Nathan Ake
57%
DF Marcos Alonso
55%
GK Scott Carson
48%
GK Willy Caballero
47%
MF Hakim Ziyech
44%
GK Zack Steffen
43%
FW Olivier Giroud
42%
DF Kurt Zouma
40%
DF Emerson Palmieri
38%
MF Callum Hudson-Odoi
36%
MF Billy Gilmour
28%
FW Ferran Torres
27%
DF Eric Garcia
17%
No matching quizzes found
Score Distribution
Percent of People with Each Score
Percentile by Number Answered
Your Score History
You have not taken this quiz